1667 1873 1553 1835 1025 1546 1213 1018 1793 1118 1508 1273 1688 1773 1140 1244 1672 1459 1316 1588 1013 1435 1657 1268 1862 1926 1583 1182 1701 1456 1980 1649 1817 1878 1401 1475 1600 1641 1364 1707 1295 1595 1831 1149 1733 1373 1305 1364 1128 1255 1707 1945 1641 1563 1494 1230 1902 1668 1602 1264 1423 1047 1659 1851 1654 1317 1837 1667 1847 1482 1499 1129 1537 1133 1615 1474 1035 1766 1933 1482 1723 1947 1060 1036 1843 1247 1230 1743 1173 1906 1274 1826 1901 1003 1207 1419 1284 1490 1980 BCNSPRNW ULIB Ver.6.0+V

เปลี่ยนเป็นภาษาไทย

Change to English
 แสดงรายละเอียดบรรณานุกรม
  กลับหน้าหลัก

Brief Record : Get Marc (ISO 2709) : E-mail record : QR code < ปิดหน้าต่าง
LEADER : 00000nam 2200000uu 4500
001    13399127946
003     ULIB
008    211116s2021||||th 000 0 tha d
020    ^a9781975160173
060 04 ^aQV55^bF826A
100 1  ^aFrandsen, Geralyn
245 10 ^aAbram s Clinical drug therapy :^brationales for nursing practice /^cGeralyn Frandsen,Sandra Smith Pennington
246 30 ^aAbram s clinical drug therapy :^brationales for nursingpractice
250    ^a12th ed.
260    ^aPhiladelphia, Pa. :^bWolters Kluwer Health/LippincottWilliams & Wilkins, ^c2021
300    ^aviii, 1266 p. ;^c28 cm.
650  0 ^aChemotherapy^vProblems, exercises, etc.
650  0 ^aDrugs^vProblems, exercises, etc.
650  0 ^aNursing^vProblems, exercises, etc.
650  2 ^aPharmaceutical Preparations^vnurses instruction^vproblems
650  2 ^aDrug Therapy^vnurses instruction^vproblems
700 1  ^aPennington Smith Sandra
945    ^p2235^l0^i008534
999    ^aประนอม เกษจรัล
รายการนี้ยังไม่มีแท็ก
คุณยังไม่ได้ล็อกอิน คุณสามารถมีกิจกรรมร่วมกับเว็บไซต์ได้ แต่ต้องล็อกอินก่อน ::
  ล็อกอิน

รายการสื่อสารสนเทศ

ลำดับที่ ประเภท เลขเรียก/บาร์โค้ด สถานที่ สถานะ
1. วิทยาศาสตร์การแพทย์ และสุขภาพ
หนังสือสำรอง
สถานะ=หนังสือสำรอง
QV55 F826A ฉ.1 
  Barcode: 008534
ห้องสมุดวิทยาเขตสวรรค์ประชารักษ์
►หนังสือทั่วไป
บนชั้น

BibComment


ยังไม่เคยถูกคอมเมนท์

คอมเมนท์ทรัพยากรรายการนี้
  คอมเมนท์: Abram s Clinical..


 Copyright 2026. Bcnsprnw @Library